[Event "20th Hampstead Congress: U2200"]
[Site "London, England"]
[Date "2014.07.19"]
[Round "2"]
[White "Davison, Christopher"]
[Black "Bamber, Elaine"]
[Result "1-0"]
[WhiteElo "1919"]
[BlackElo "2085"]

1. d4 d5 2. c4 e6 3. Nc3 c6 4. Nf3 Nf6 5. Bg5 Nbd7 6. e3 Qa5 7. Bxf6 Nxf6 8.
cxd5 cxd5 9. Bd3 Bb4 10. Qb3 Bd7 11. O-O Rc8 12. Rac1 O-O 13. Ne5 Rfd8 14.
Nxd7 Nxd7 15. a3 Bxc3 16. Rxc3 Rxc3 17. bxc3 Nb6 18. e4 Rc8 19. Rc1 Qa4 20.
Rb1 Qxb3 21. Rxb3 Rc7 22. exd5 exd5 23. Bb5 Kf8 24. Kf1 Re7 25. Rb2 f6 26. a4
Rc7 27. a5 Nc8 28. Ke2 Ke7 29. Bd3 Nd6 30. Rb3 f5 31. f3 Kf6 32. h4 h5 33. Kd2
g5 34. g3 Rg7 35. Ke3 gxh4 36. gxh4 Rg2 37. a6 b6 38. Kf4 Rd2 39. Bb5 Rh2 40.
Kg3 Ra2 41. Kf4 Nxb5 42. Rxb5 Ra5 43. Rb2 Rxa6 44. Re2 Ra3 45. Re5 Rxc3 46.
Rxf5+ Ke6 47. Rxh5 Ra3 48. Rh6+ Kf7 49. Ke5 Kg7 50. Rd6 b5 51. Rd7+ Kg6 52.
Kxd5 b4 53. Kc4 a5 54. Rb7 Rc3+ 55. Kb5 Ra3 56. Kc4 Rxf3 57. h5+ Kh6 58. Rb6+
Kg7 59. Rb7+ Kf6 60. Rb6+ Ke7 61. h6 Kf7 62. d5 Rh3 63. h7 Kg7 64. Rb7+ Kf6
65. d6 Rc3+ 66. Kb5 Rc8 67. d7 Rd8 68. Kxa5 Kg7 69. Kxb4 Kxh7 70. Kc5 Kg7 71.
Kd6 Kf7 72. Rb2 Ra8 73. Rf2+ Kg7 74. Ke7 {#r} 1-0

[Event "20th Hampstead Congress: U2200"]
[Site "London, England"]
[Date "2014.07.19"]
[Round "2"]
[White "Bonafont, Philip"]
[Black "Barasi, Paul"]
[Result "1-0"]
[WhiteElo "2056"]
[BlackElo "1867"]

1. d4 d5 2. Nf3 Nc6 3. c4 Bg4 4. cxd5 Bxf3 5. gxf3 Qxd5 6. e3 e5 7. Nc3 Bb4 8.
Bd2 Bxc3 9. bxc3 Nf6 10. Rg1 exd4 11. cxd4 O-O 12. Be2 Qh5 13. Rg2 Rfe8 14.
Kf1 Rad8 15. Rb1 Qh4 16. Qc2 Qh3 17. Bc3 Rd5 18. Kg1 Nh5 19. Rxb7 h6 20. Rxc7
Rd6 21. Bb2 Ree6 22. Rc8+ Nd8 23. Qc7 Kh7 24. Bd3+ f5 25. Rxd8 Rg6 26. Bf1
Rxg2+ 27. Bxg2 Rg6 28. Qg3 {#r} 1-0

[Event "20th Hampstead Congress: U2200"]
[Site "London, England"]
[Date "2014.07.19"]
[Round "2"]
[White "Millward, David J"]
[Black "Jyothilal, N."]
[Result "0-1"]
[WhiteElo "1859"]
[BlackElo "2056"]

1. e4 c5 2. Nc3 Nc6 3. f4 g6 4. Nf3 Bg7 5. g3 e6 6. Bg2 Nge7 7. d3 O-O 8. O-O
Rb8 9. Be3 b6 10. Qd2 d5 11. Bf2 dxe4 12. dxe4 Qxd2 13. Nxd2 Nb4 14. Rfc1 Rd8
15. Ndb1 Ba6 16. a3 Nbc6 17. Bf1 Bxf1 18. Kxf1 Nd4 19. Nd2 e5 20. Be3 Rb7 21.
Nc4 exf4 22. Bxf4 Rbd7 23. Kf2 f6 24. h4 Nec6 25. Ne3 h6 26. Ng2 g5 27. Be3
Ne5 28. Bxd4 cxd4 29. Na4 Bf8 30. b3 d3 31. Ne3 b5 32. Nc3 Bc5 33. Ncd5 Kf7
34. Kg2 Bxe3 35. Nxe3 d2 36. Rd1 Rd4 37. Kf2 Rxe4 38. hxg5 hxg5 39. Rh1 Kg6
40. Rad1 a6 41. Rhg1 f5 42. Rg2 g4 43. Rh2 Nf3 44. Rhh1 Rde8 45. Nd5 Re2+ 46.
Kf1 {#R} 0-1

[Event "20th Hampstead Congress: U2200"]
[Site "London, England"]
[Date "2014.07.19"]
[Round "2"]
[White "Atako, Chino"]
[Black "Gupta, Arul"]
[Result "0-1"]
[WhiteElo "2042"]
[BlackElo "1844"]

1. e4 e5 2. Nc3 Nf6 3. Nf3 Nc6 4. Bb5 Bb4 5. O-O O-O 6. d3 d6 7. Bg5 Bxc3 8.
bxc3 Qe7 9. Re1 Nd8 10. d4 Ne6 11. Bc1 c5 12. a4 Rd8 13. d5 Nc7 14. Bf1 Bg4
15. h3 Bh5 16. g4 Bg6 17. Bg5 h6 18. Bh4 h5 19. Nh2 Nce8 20. gxh5 Bh7 21. Ng4
Rdc8 22. h6 Qf8 23. Nxf6+ gxf6 24. Qh5 Bg6 25. h7+ Kg7 26. Qf3 Bxh7 27. Bb5
Qe7 28. Kh2 a6 29. Rg1+ Bg6 30. Be2 Nc7 31. Rg4 Rh8 32. Rag1 Rh6 33. Bf1 Rah8
34. Qg3 Ne8 35. f4 exf4 36. Rxf4 Qe5 37. Bg2 Rxh4 38. Rxh4 Rxh4 39. Rb1 b5 40.
axb5 axb5 41. Rxb5 Kf8 42. Qxe5 fxe5 43. Kg3 Rf4 44. h4 Bxe4 45. Bxe4 Rxe4 46.
h5 Re3+ 47. Kg4 Rxc3 48. Rb2 Kg7 49. Rb8 Nf6+ 50. Kg5 Nxh5 51. Kxh5 Rxc2 52.
Rd8 e4 53. Kg4 Rf2 54. Rxd6 e3 55. Rd8 f5+ 56. Kg5 Kf7 57. Rd6 e2 58. Re6 c4
59. Rf6+ Ke7 60. Re6+ Kd7 61. Kh4 f4 62. Kg4 c3 63. Kf5 c2 {#R} 0-1

[Event "20th Hampstead Congress: U2200"]
[Site "London, England"]
[Date "2014.07.19"]
[Round "2"]
[White "Huang, Dion"]
[Black "Krzyzanowski, Patryk"]
[Result "1/2-1/2"]
[WhiteElo "1759"]
[BlackElo "2006"]

1. d4 Nf6 2. Bg5 e6 3. e3 Be7 4. Nd2 O-O 5. Ngf3 b6 6. Be2 Bb7 7. O-O d6 8. c3
Nbd7 9. Qc2 c5 10. Rac1 Rc8 11. Qb1 Re8 12. Rfe1 Qc7 13. Bf1 Qb8 14. h3 Qa8
15. Bd3 Nf8 16. b3 a6 17. Qb2 e5 18. dxe5 dxe5 19. e4 Ng6 20. Qb1 Rcd8 21. Nc4
Qb8 22. Bxf6 Bxf6 23. Nxb6 Bxe4 24. Bxe4 Qxb6 25. Rcd1 Nf8 26. Nd2 Qa5 27. Qc2
g6 28. Nc4 Qc7 29. Ne3 Bg7 30. Bd3 Qa5 31. Nc4 Qc7 32. Ne3 Qb7 33. Be4 Qc8 34.
Nc4 Qb8 35. Na5 Qc7 36. Nc4 Ne6 37. Ne3 Kh8 38. Bd3 Qc8 39. Bc4 f5 40. Rxd8
Rxd8 41. Rd1 Nf4 42. Nd5 Nxd5 43. Rxd5 Rxd5 44. Bxd5 e4 45. Bc4 a5 46. Qd2 h5
47. Qd6 Qe8 48. Qxc5 Qe5 49. Qxe5 {#d} 1/2-1/2

[Event "20th Hampstead Congress: U2200"]
[Site "London, England"]
[Date "2014.07.19"]
[Round "2"]
[White "Tin, Sergey"]
[Black "Grey, Nicholas D"]
[Result "0-1"]
[WhiteElo "1983"]
[BlackElo "1748"]

1. e4 d6 2. d4 Nf6 3. Nc3 g6 4. Nf3 Bg7 5. Be2 O-O 6. O-O Bg4 7. Be3 Nc6 8.
Qd2 e5 9. d5 Ne7 10. Rad1 Bd7 11. Bh6 b5 12. Bxg7 Kxg7 13. Bxb5 Nxe4 14. Nxe4
Bxb5 15. Rfe1 h6 16. b3 f5 17. Ng3 Bd7 18. c4 Ng8 19. c5 Nf6 20. cxd6 cxd6 21.
Qb4 Qb6 22. Qxb6 axb6 23. a4 Ra5 24. Nd2 Rxd5 25. Nc4 Rc8 26. Nxb6 Rxd1 27.
Rxd1 Rc6 28. Nc4 Be6 29. Rxd6 Rxd6 30. Nxd6 Bxb3 {(=)} 31. a5 Nd7 32. Kf1 Kf6
33. Ke1 Ke6 34. Nb5 Nc5 35. Kd2 Bc4 36. Na3 Bd5 37. Kc3 Bxg2 38. Kc4 Nd7 39.
Kb5 f4 40. Ka6 fxg3 41. hxg3 Kd6 42. Ka7 Kc5 43. Nc2 Kb5 44. Ne3 Be4 45. a6
Nc5 46. Ng4 Nxa6 47. Nxh6 Nc5 48. Nf7 Kc4 49. Nxe5+ Kd4 50. f4 Nd3 51. Nxg6
Bxg6 52. g4 Nxf4 53. Kb6 Be4 54. Kb5 Ne6 55. Kb4 Bf3 56. Kb3 Bxg4 57. Kc2 Kc4
58. Kd2 Bf5 59. Kc1 Kc3 60. Kd1 Nd4 61. Ke1 Bc2 62. Kf2 Kd3 63. Kg3 Ke3 64.
Kg4 Ne6 65. Kh5 Kf4 66. Kh6 Be4 67. Kh5 Bd3 68. Kh6 Ke5 69. Kh5 Ng7+ 70. Kh6
Ne8 71. Kg5 Nd6 72. Kh6 Kf6 73. Kh5 Bf5 74. Kh6 Nf7+ 75. Kh5 Ke5 76. Kh4 Ke4
77. Kg3 Ke3 78. Kh4 Bg6 79. Kg4 Ke4 80. Kg3 Ne5 81. Kf2 Bh5 82. Kg3 Ng6 83.
Kf2 Kd3 84. Kf1 Ke3 85. Kg2 Nh4+ 86. Kh3 Nf5 87. Kg2 Bg4 88. Kf1 Kd2 89. Kf2
Be2 90. Kg1 Ke3 91. Kg2 Bg4 92. Kf1 Ng3+ 93. Kg2 Ne2 94. Kf1 Bf3 95. Ke1 Nf4
96. Kf1 Be2+ 97. Kg1 Kf3 98. Kh2 Bb5 99. Kg1 Nh3+ 100. Kh1 Nf4 101. Kh2 Bc6
102. Kg1 Bb5 103. Kh2 Kf2 104. Kh1 Nh3 105. Kh2 Bf1 106. Kh1 Ng5 107. Kh2 Nf3+
108. Kh1 Bg2# 0-1

[Event "20th Hampstead Congress: U2200"]
[Site "London, England"]
[Date "2014.07.19"]
[Round "2"]
[White "Anilkumar, Anantha P"]
[Black "Waterfield, John W"]
[Result "1/2-1/2"]
[WhiteElo "1746"]
[BlackElo "1975"]

1. e4 c5 2. Nf3 g6 3. d4 Bg7 4. Be3 cxd4 5. Nxd4 Nc6 6. c4 Nf6 7. Nc3 Ng4 8.
Qxg4 Nxd4 9. Qd1 Ne6 10. Qd2 Qa5 11. Be2 Bxc3 12. bxc3 b6 13. Rd1 d6 14. O-O
Bb7 15. Bd4 Nxd4 16. Qxd4 Qe5 17. f4 Qxd4+ 18. Rxd4 O-O 19. Bf3 Rac8 20. Rb1
Ba6 21. Rb4 Rc5 22. Ra4 Ra5 23. Rxa5 bxa5 24. c5 dxc5 25. Rd7 Bc4 26. Rxa7 Rb8
27. Rxa5 Rb1+ 28. Kf2 Rb2+ 29. Kg3 Bxa2 30. Rxc5 Rc2 31. Rc7 Be6 32. Rxe7 Rxc3
33. Kf2 Kf8 34. Rb7 Ra3 {(=)} 35. g4 Ra2+ 36. Kg3 Ra3 37. f5 Bb3 38. Kf2 gxf5
39. gxf5 {#d} 1/2-1/2

[Event "20th Hampstead Congress: U2200"]
[Site "London, England"]
[Date "2014.07.19"]
[Round "2"]
[White "Hayward, Alan"]
[Black "Bin-Suhayl, Ieysaa"]
[Result "1-0"]
[WhiteElo "1960"]
[BlackElo "1739"]

1. d4 Nf6 2. Nc3 c5 3. e3 cxd4 4. exd4 g6 5. Nf3 Bg7 6. Bd3 d6 7. O-O O-O 8.
Re1 Nc6 9. a3 Bg4 10. Be3 e5 11. dxe5 dxe5 12. h3 e4 13. Nxe4 Bxf3 14. Qxf3
Nxe4 15. Bxe4 Bxb2 16. Rab1 Bxa3 17. Bh6 Bb4 18. Red1 Nd4 19. Qd3 Ne6 20. Rxb4
Nc5 21. Qxd8 Rfxd8 22. Rxd8+ Rxd8 23. Be3 Nxe4 24. Rxe4 Rc8 25. Bxa7 Rxc2 26.
Rb4 Rc7 {(=) (!!)} 27. g3 f5 28. Kg2 Kf7 29. Kf3 Ke6 30. Be3 Kd5 31. h4 Ke6
32. Kf4 Kf7 33. Kg5 Rd7 34. Rb6 Kg7 35. h5 h6+ 36. Kf4 gxh5 37. Kxf5 Rf7+ 38.
Ke4 Re7+ 39. Kd5 Rd7+ 40. Ke4 Re7+ 41. Kf3 Rf7+ 42. Kg2 Kh7 43. Rxh6+ Kg7 44.
Rxh5 Kg6 45. Rb5 Kg7 46. f4 Kg6 47. Kf3 Kg7 48. g4 Kg6 49. Rb6+ Kg7 50. f5 Kg8
51. Kf4 Kg7 52. g5 Kg8 53. g6 Rd7 54. Kg5 Kf8 55. Kf6 Rf7+ 56. Kg5 Rd7 57.
Rf6+ Kg8 58. Bc5 Rd5 59. Bb6 Rd7 60. Re6 Kf8 61. Bc5+ Re7 62. Bxe7+ Ke8 63. f6
Kd7 64. Rd6+ Kc7 65. g7 Kb8 66. g8=Q+ Ka7 67. Qc4 Kb8 68. Rb6 Ka7 69. Qc7 Ka8
70. Qxb7# 1-0

[Event "20th Hampstead Congress: U2200"]
[Site "London, England"]
[Date "2014.07.19"]
[Round "2"]
[White "Ramaiya, Arushi"]
[Black "Farzaliyev, Kanan"]
[Result "0-1"]
[WhiteElo "1525"]
[BlackElo "1950"]

1. e4 g6 2. Nf3 Bg7 3. Nc3 d6 4. Bc4 Nf6 5. d4 O-O 6. h3 c6 7. O-O b5 8. Bb3
b4 9. Ne2 Nxe4 10. Qd3 d5 11. c3 bxc3 12. Nxc3 Ba6 13. Qd1 Nxc3 14. bxc3 Bxf1
15. Qxf1 Nd7 16. Qe2 e6 17. c4 a5 18. cxd5 cxd5 19. Bg5 Bf6 20. Bf4 Nc5 21.
Rc1 Nxb3 22. axb3 Qb6 23. Qd3 Rfc8 24. Ne5 Rxc1+ 25. Bxc1 Bxe5 26. dxe5 Qc7
27. Bb2 Rc8 28. g3 Qc2 29. Qxc2 Rxc2 30. Bd4 Rc1+ 31. Kg2 Rb1 32. Bc3 Rxb3 33.
Bxa5 Kg7 34. f4 f6 35. Kf2 fxe5 36. fxe5 Ra3 37. Be1 Ra4 38. Ke3 Re4+ 39. Kd2
Kf7 40. Bf2 Rxe5 41. Kd3 Re4 42. Be3 Rxe3+ 43. Kxe3 e5 44. Kd3 Ke6 45. Ke3 h5
46. h4 Kf5 {#R} 0-1

[Event "20th Hampstead Congress: U2200"]
[Site "London, England"]
[Date "2014.07.19"]
[Round "2"]
[White "Kennedy, Craig"]
[Black "Miu, Marinel"]
[Result "1-0"]
[WhiteElo "1919"]
[BlackElo "1714"]

1. e4 e6 2. d3 d5 3. Nd2 Nf6 4. g3 dxe4 5. dxe4 e5 6. Bg2 Bg4 7. Ngf3 Bc5 8.
O-O O-O 9. h3 Bxf3 10. Qxf3 Nc6 11. c3 Qe7 12. b4 Bb6 13. a4 a5 14. b5 Nd8 15.
Nb3 Nd7 16. Ba3 Nc5 17. Rad1 Nde6 18. Rd5 f6 19. Rfd1 Rfd8 20. Qe2 c6 21.
Rxd8+ Rxd8 22. Rxd8+ Qxd8 23. Nxc5 Nxc5 24. Bxc5 cxb5 25. Bxb6 Qxb6 26. Qxb5
Qxb5 27. axb5 a4 28. Bf1 Kf7 29. Bc4+ Ke7 30. Kf1 Kd6 31. Ke2 Kc5 32. Kd3 h6
33. h4 g5 34. hxg5 fxg5 35. g4 b6 36. f3 a3 37. Bb3 Kxb5 38. Kc2 Kc5 39. c4 b5
40. cxb5 Kxb5 41. Kc3 Kc5 42. Ba2 Kb5 43. Kb3 Kc5 44. Kxa3 Kd4 45. Be6 Ke3 46.
Kb4 Kxf3 47. Bf5 Kg3 48. Kc5 Kh4 49. Kd5 h5 50. gxh5 Kxh5 {#r} 1-0

[Event "20th Hampstead Congress: U2200"]
[Site "London, England"]
[Date "2014.07.19"]
[Round "2"]
[White "Shaw, Matthew H"]
[Black "Finnegan, Oliver"]
[Result "0-1"]
[WhiteElo "1918"]
[BlackElo "1766"]

1. e4 e6 2. d4 d5 3. Nd2 c5 4. exd5 Qxd5 5. Ngf3 cxd4 6. Bc4 Qd6 7. O-O Nf6 8.
Re1 Nc6 9. Ne4 Nxe4 10. Rxe4 Be7 11. Bf4 Qc5 12. Bb3 Bf6 13. c3 dxc3 14. Bd6
cxb2 15. Rb1 Qa5 16. Nd2 b5 17. Qc2 Qc3 18. Rxb2 Bb7 19. Qxc3 Bxc3 20. Rc2 Rd8
21. Rxc3 Rxd6 22. Nf3 Na5 23. Re1 Nxb3 24. axb3 Bxf3 25. gxf3 Ke7 26. Rc7+ Rd7
27. Rxd7+ Kxd7 28. Ra1 Ra8 29. Ra6 Kc7 30. Kf1 Kb7 31. Rd6 Rc8 32. Ke2 a5 33.
Kd3 a4 34. bxa4 bxa4 35. Rd7+ Kb6 36. Rxf7 e5 37. Rxg7 a3 38. Rg1 a2 39. Ra1
Ra8 40. Kc4 Kc6 41. h4 Kd6 42. Kd3 Ke6 43. Ke4 Ra4+ 44. Ke3 Kf5 45. Kd3 Kf4
46. Ke2 Ra3 47. h5 Kg5 48. Kd2 Kxh5 49. Ke2 Kg5 50. Kf1 Kf4 {#R} 0-1

[Event "20th Hampstead Congress: U2200"]
[Site "London, England"]
[Date "2014.07.19"]
[Round "2"]
[White "Richards, John"]
[Black "Mandnikar, Atreya"]
[Result "1-0"]
[WhiteElo "1809"]
[BlackElo "1561"]

1. e4 c5 2. c3 Nc6 3. d4 cxd4 4. cxd4 d5 5. exd5 Qxd5 6. Nc3 Qa5 7. d5 Nb8 8.
Bf4 e6 9. Bc4 Nf6 10. dxe6 fxe6 11. Qb3 e5 12. Bf7+ Kd8 13. O-O-O+ Bd7 14. Bg5
Kc8 15. Bxf6 gxf6 16. Be6 Qb6 17. Bxd7+ Nxd7 18. Qf7 Qc6 19. Kb1 Nb6 20. Nge2
Bb4 21. Rc1 Kd8 22. Rhd1+ Nd7 23. Nd5 Qa4 24. Nxb4 Rf8 25. Qxf8# 1-0

[Event "20th Hampstead Congress: U2200"]
[Site "London, England"]
[Date "2014.07.19"]
[Round "2"]
[White "Seman, Myroslav"]
[Black "Frith, Shane S"]
[Result "1-0"]
[WhiteElo "1800"]
[BlackElo "1526"]

1. d4 d5 2. Bg5 c6 3. f4 Qb6 4. b3 Bf5 5. e3 Nd7 6. Nf3 h6 7. Bh4 Ngf6 8. Bd3
Bxd3 9. Qxd3 e6 10. O-O Bd6 11. Nbd2 O-O 12. c4 Be7 13. c5 Qd8 14. h3 Nh7 15.
Bf2 f5 16. Ne5 Nxe5 17. fxe5 Ng5 18. Bg3 Qe8 19. Qe2 Qg6 20. Kh2 Ne4 21. Nxe4
fxe4 22. Rxf8+ Rxf8 23. Rf1 Rxf1 24. Qxf1 Qh5 25. b4 Bg5 26. Bf4 Qf7 27. Kg1
Bd8 28. a4 g5 29. Bg3 Qxf1+ 30. Kxf1 a6 31. Be1 Kf7 32. g3 h5 33. Kg2 Ke8 34.
g4 h4 35. Kf2 Kd7 36. Ke2 Kc8 37. Kd2 Kb8 38. Kc2 Ka7 39. Kb3 Bc7 40. Bxh4
gxh4 41. g5 Bd8 42. g6 Bg5 43. g7 Bxe3 44. g8=Q Bxd4 45. Qxe6 e3 46. Kc2 e2
47. Kd2 Bc3+ 48. Kxe2 Bxb4 49. Qd6 b5 50. e6 {#r} 1-0

[Event "20th Hampstead Congress: U2200"]
[Site "London, England"]
[Date "2014.07.19"]
[Round "2"]
[White "Lees, Fraser"]
[Black "Olutola, Taiwo"]
[Result "1/2-1/2"]
[WhiteElo "1782"]
[BlackElo "1538"]

1. f4 d5 2. b3 Nf6 3. Nf3 Nc6 4. Bb2 e6 5. e3 Bc5 6. d4 Bb4+ 7. c3 Bd6 8. Nbd2
a6 9. Bd3 b5 10. Ne5 Bb7 11. O-O Qe7 12. Rc1 Na5 13. Qe2 g6 14. Ndf3 Nh5 15.
Bc2 f6 16. Nd3 Rc8 17. Qe1 Nc6 18. g4 Ng7 19. Qf2 Kd7 20. Nc5+ Bxc5 21. dxc5
Qxc5 22. c4 Qe7 23. Rfd1 Nb4 24. Bb1 Ke8 25. g5 Nh5 26. a3 Nc6 27. cxd5 exd5
28. gxf6 Nxf6 29. Ne5 Nxe5 30. fxe5 Ng4 31. Qg3 Qe6 32. h3 Nh6 33. Rf1 Nf5 34.
Qg5 Rf8 35. Bxf5 gxf5 36. Qh5+ Qg6+ 37. Qxg6+ hxg6 38. Bd4 Rh8 39. Kh2 Ke7 40.
Rg1 Rhg8 41. Rg5 Kf7 42. b4 c6 43. Rcg1 Rce8 44. Kg3 Ra8 45. Kf4 Rae8 46. h4
Bc8 47. Kf3 Be6 48. Rc1 Bd7 49. Kf4 Ra8 50. Rh1 Be6 51. h5 gxh5 52. Rgxh5 Rg4+
53. Kf3 Rag8 54. Ke2 Rg2+ 55. Kd3 Ra2 56. Rh7+ Rg7 57. Rxg7+ Kxg7 58. Ra1 Rxa1
59. Bxa1 Kf7 {(=)} 60. Kd4 Ke7 61. Kc5 {(=)} Kd7 62. Kd4 Kc7 63. Kc5 Bc8 64.
Bc3 Be6 65. Bd4 Bc8 66. Bc3 Be6 67. Bd4 {#d} 1/2-1/2

[Event "20th Hampstead Congress: U2200"]
[Site "London, England"]
[Date "2014.07.19"]
[Round "2"]
[White "Ivanov, Elizabeth"]
[Black "Levy, Chris"]
[Result "1-0"]
[WhiteElo "1602"]
[BlackElo "1780"]

1. e4 c5 2. Nc3 Nc6 3. f4 d6 4. Nf3 g6 5. Bc4 Bg7 6. O-O Nf6 7. d3 O-O 8. Qe1
Bg4 9. Qg3 Bxf3 10. Rxf3 Nd4 11. Rf2 e6 12. f5 exf5 13. Bg5 Qd7 14. Bxf6 Bxf6
15. Nd5 Be5 16. Qxe5 dxe5 17. Nf6+ Kg7 18. Nxd7 Rae8 19. c3 Ne6 20. exf5 gxf5
21. Rxf5 b5 22. Bxe6 Rxe6 23. Nxc5 Re7 24. Re1 Rfe8 25. Ne4 Rd8 26. Re3 {#r}
1-0

[Event "20th Hampstead Congress: U2200"]
[Site "London, England"]
[Date "2014.07.19"]
[Round "2"]
[White "Ramaiya, Anshu"]
[Black "Nayak, Raghav"]
[Result "1-0"]
[WhiteElo "1775"]
[BlackElo "1630"]

1. e4 c5 2. Nc3 Nc6 3. f4 g6 4. Nf3 Bg7 5. Bb5 Nd4 6. O-O a6 7. Bc4 e6 8. a4
Ne7 9. d3 d5 10. Ba2 O-O 11. Nxd4 cxd4 12. Ne2 b6 13. Qe1 dxe4 14. dxe4 Bb7
15. Ng3 Re8 16. e5 Qc7 17. Bb3 Qc6 18. Qf2 h5 19. Re1 Rad8 20. Ne4 Nf5 21. Bd2
h4 22. g4 hxg3 23. hxg3 g5 24. Qh2 d3 25. c3 g4 26. Bd1 Nh6 27. Nd6 Rf8 28.
Nxb7 Qxb7 {(=)} 29. Qh4 f5 30. exf6 Nf5 31. Qxg4 Rxf6 32. Bb3 Qf7 33. Qxf5
exf5 34. Bxf7+ Kxf7 35. Kg2 Re6 36. Rxe6 Kxe6 37. Re1+ Kd5 38. b3 Kc5 39. Re6
Bxc3 40. Bxc3 d2 41. Bxd2 Rxd2+ 42. Kh3 a5 43. Re5+ Rd5 44. Rxd5+ Kxd5 45. g4
fxg4+ 46. Kxg4 Kd4 47. f5 Kc3 48. f6 Kxb3 49. f7 Kxa4 50. f8=Q Kb3 51. Qb8 a4
52. Qxb6+ Ka2 53. Qc6 a3 54. Qc1 Kb3 55. Qa1 a2 56. Kf4 Ka3 57. Ke3 Kb3 58.
Kd4 Ka3 59. Kc4 {#r} 1-0

[Event "20th Hampstead Congress: U2200"]
[Site "London, England"]
[Date "2014.07.19"]
[Round "2"]
[White "Sellen, John"]
[Black "Parry, Jacques"]
[Result "1/2-1/2"]
[WhiteElo "1597"]
[BlackElo "1773"]

1. f4 d6 2. Nf3 Bg4 3. e4 c5 4. Be2 e6 5. O-O Bh5 6. d3 Ne7 7. Nc3 Nec6 8. Be3
Be7 9. a3 O-O 10. Rb1 d5 11. exd5 exd5 12. d4 c4 13. Ne5 Bxe2 14. Nxe2 Nd7 15.
Nc3 Nf6 16. Qf3 Re8 17. g4 Bf8 18. g5 Ne4 19. Qh5 g6 20. Qf3 Nxc3 21. bxc3 Re7
22. h4 h5 23. gxh6 Bxh6 24. Qg3 Nxe5 25. fxe5 Bxe3+ 26. Qxe3 Qf8 27. Rf6 Qg7
28. Qf3 Rd7 29. Rf1 Rf8 30. e6 Re7 31. Qxd5 Rxe6 32. Rxe6 fxe6 33. Qxe6+ Kh7
34. Rxf8 Qxf8 35. Qd7+ Kh6 36. Qxb7 Qxa3 37. Qf3 Qc1+ 38. Qf1 Qe3+ 39. Kh1
Qe4+ 40. Kg1 Qe3+ 41. Kh1 Qe4+ 42. Kg1 {#d} 1/2-1/2

[Event "20th Hampstead Congress: U2200"]
[Site "London, England"]
[Date "2014.07.19"]
[Round "2"]
[White "Bin-Suhayl, Yousuf"]
[Black "Wen, Jessica"]
[Result "1-0"]
[WhiteElo "1732"]
[BlackElo "1598"]

1. Nf3 Nf6 2. c4 Nc6 3. d4 e6 4. e3 Bb4+ 5. Nbd2 b6 6. Bd3 Bb7 7. O-O O-O 8.
e4 Be7 9. a3 d6 10. Qc2 e5 11. d5 Nb8 12. b4 Nbd7 13. h3 Nh5 14. Nb3 c6 15.
Nh2 Bg5 16. c5 Rc8 17. Bb2 Nf4 18. dxc6 Rxc6 19. b5 Rc7 20. c6 Nf6 21. Bc4 Bc8
22. Rfd1 Qe7 23. a4 Be6 24. Ba3 Rd8 25. Nf3 N6h5 26. Bxe6 fxe6 27. Bxd6 Rxd6
28. Rxd6 Qxd6 29. Nxg5 Qe7 30. Nf3 h6 31. Kh2 Ng6 32. Rd1 Nf6 33. Qd3 Kf7 34.
Nbd2 Nh5 35. Nc4 Qc5 36. Qd7+ Qe7 37. Ncxe5+ Nxe5 38. Nxe5+ Kf6 39. Qxe7+ Kxe7
40. g3 Nf6 41. Rd4 g5 42. Kg2 h5 43. f4 gxf4 44. gxf4 Ke8 45. Nd7 Nxd7 46.
Rxd7 Rxd7 47. cxd7+ Kxd7 48. Kg3 Kd6 49. Kh4 Kc5 50. f5 exf5 51. exf5 Kb4 52.
f6 Kxa4 53. f7 Kxb5 54. f8=Q a5 55. Qa3 a4 56. Kxh5 Ka5 57. Kg5 b5 58. Qc5
{#r} 1-0

[Event "20th Hampstead Congress: U2200"]
[Site "London, England"]
[Date "2014.07.19"]
[Round "2"]
[White "Bynnersley, Anthony"]
[Black "Harrington, James"]
[Result "0-1"]
[WhiteElo "1551"]
[BlackElo "1725"]

1. d4 d6 2. c4 e5 3. dxe5 dxe5 4. Qxd8+ Kxd8 5. e4 Be6 6. Nc3 c6 7. Be3 Nd7 8.
O-O-O f6 9. a3 a5 10. Bd3 Kc7 11. Nge2 Nh6 12. h3 Nc5 13. Bxc5 Bxc5 14. Rhf1
Nf7 15. Kc2 a4 16. f4 Nd6 17. fxe5 fxe5 18. Rf3 Nxc4 19. Bxc4 Bxc4 20. Ng3
Bb3+ {#R} 0-1

[Event "20th Hampstead Congress: U2200"]
[Site "London, England"]
[Date "2014.07.19"]
[Round "2"]
[White "Wen, Jackson"]
[Black "Larios, Rafael"]
[Result "1-0"]
[WhiteElo "1718"]
[BlackElo "1585"]

1. e4 c5 2. Nf3 Nf6 3. Nc3 g6 4. d4 cxd4 5. Nxd4 Bg7 6. Be3 Nc6 7. Bc4 e6 8.
f3 O-O 9. Qd2 Na5 10. Bb3 Nxb3 11. cxb3 d5 12. O-O-O Qa5 13. Kb1 Bd7 14. h4 e5
15. exd5 exd4 16. Bxd4 Rad8 17. g4 Nxg4 18. fxg4 Bxg4 19. Bxg7 Bxd1 20. Bxf8
Bf3 21. b4 Qa6 22. Be7 Rd7 23. Re1 f6 24. b5 Qb6 25. Qh6 Bg4 26. Qf8# 1-0

[Event "20th Hampstead Congress: U2200"]
[Site "London, England"]
[Date "2014.07.19"]
[Round "2"]
[White "Sanitt, Leo"]
[Black "Pattni, Kishan"]
[Result "1/2-1/2"]
[WhiteElo "1531"]
[BlackElo "1713"]

1. d4 f5 2. c4 Nf6 3. Nc3 e6 4. Nf3 Bb4 5. Bd2 d6 6. Qa4+ Nc6 7. e3 O-O 8. Qb3
Qe8 9. O-O-O e5 10. dxe5 dxe5 11. Nd5 Bxd2+ 12. Rxd2 Nxd5 13. cxd5 Nd8 14. Bb5
Bd7 15. Bxd7 Qxd7 16. Nxe5 Qd6 17. Nf3 a5 18. a3 Ra6 19. Nd4 Kh8 20. Nb5 Qd7
21. Nc3 Raf6 22. Kb1 Nf7 23. Na4 b6 24. Nc3 Nd6 25. a4 Nb7 26. Qb5 Nc5 27.
Qxd7 Nxd7 28. Nb5 Ra8 29. Nxc7 Rc8 30. Rc1 Rd6 31. Nb5 Rxc1+ 32. Kxc1 Rh6 33.
h3 Kg8 34. Kc2 Kf7 35. Nd4 Rf6 36. Ne6 h6 37. Rd4 g5 38. Rc4 Ke7 39. Rc6 g4
40. h4 h5 41. Nd4 Nc5 42. Rxf6 Kxf6 43. Nb5 Nxa4 {#d} 1/2-1/2

[Event "20th Hampstead Congress: U2200"]
[Site "London, England"]
[Date "2014.07.19"]
[Round "2"]
[White "Gelain-Sohn, Emmanuelle"]
[Black "Sonnis, Steve"]
[Result "1-0"]
[WhiteElo "1330"]
[BlackElo "1700"]

1. d4 f5 2. c4 e6 3. Nc3 Nf6 4. Nf3 d5 5. Bf4 c6 6. a4 Be7 7. e3 O-O 8. Be2
Qe8 9. O-O Ne4 10. Nxe4 fxe4 11. Ne5 Nd7 12. f3 Nxe5 13. Bxe5 exf3 14. Bxf3
dxc4 15. Qe2 Bg5 16. Rae1 Bd7 17. Qxc4 b5 18. axb5 cxb5 19. Qd3 Bc6 20. d5
Bxd5 21. Bxd5 Rxf1+ 22. Kxf1 Qf7+ 23. Bf3 a6 24. Kg1 Rd8 25. Qc2 Qe7 26. Qe4
Rd5 27. Bd1 Qc5 28. Bd4 Qe7 29. Rf1 a5 30. Bc3 g6 31. Bb3 Qd7 32. Bxd5 exd5
33. Qe5 {#r} 1-0

[Event "20th Hampstead Congress: U2200"]
[Site "London, England"]
[Date "2014.07.19"]
[Round "2"]
[White "Rubeck, Jonathan"]
[Black "Mospan, Edward"]
[Result "1-0"]
[WhiteElo "1675"]
[BlackElo "1335"]

1. e4 c5 2. c3 e5 3. d4 cxd4 4. cxd4 exd4 5. Qxd4 Nc6 6. Qd1 Bc5 7. Nf3 d6 8.
h3 Nf6 9. Bd3 O-O 10. O-O Qc7 11. a3 a6 12. Nc3 b5 13. Bg5 Be6 14. Rc1 Nd7 15.
Nd5 Qb7 16. b4 Bb6 17. Rxc6 Bxd5 18. exd5 Rac8 19. Rxd6 Rce8 20. Qb1 Nf6 21.
Bxf6 gxf6 22. Rxf6 Bd8 23. Rh6 f6 24. Bxh7+ Kf7 25. Qg6+ Ke7 26. Re1+ Kd7 27.
Qg7+ Kc8 28. Bf5+ Kb8 29. Qg3+ Ka7 30. Rxe8 Rxe8 31. d6 Qd5 32. Rh7+ Ka8 33.
Bc8 Bc7 34. Rxc7 Qd1+ 35. Kh2 Rd8 36. Nd4 Qxd4 37. Qf3+ {#r} 1-0

[Event "20th Hampstead Congress: U2200"]
[Site "London, England"]
[Date "2014.07.19"]
[Round "2"]
[White "Gribben, Chris"]
[Black "Gelain-Sohn, Elias"]
[Result "1/2-1/2"]
[WhiteElo "1636"]
[BlackElo "1320"]

1. e4 e6 2. d3 d5 3. Nd2 Nf6 4. Ngf3 c5 5. g3 Nc6 6. Bg2 h6 7. O-O Qb6 8. Re1
Be7 9. h4 O-O 10. Nh2 Rd8 11. b3 Bd6 12. Bb2 Be5 13. Bxe5 Nxe5 14. f4 Nc6 15.
e5 Ne8 16. Kh1 Nc7 17. Ndf3 a6 18. c3 Nb5 19. Qc2 Qa7 20. Rad1 d4 21. c4 Nb4
22. Qf2 Nc3 23. Rd2 Qb6 24. Ra1 a5 25. a3 Nc6 26. Rb2 Bd7 27. Nd2 a4 28. Ne4
axb3 29. Qd2 Na4 30. Rbb1 b2 31. Ra2 Ra7 32. Bf3 Qa5 {#d} 1/2-1/2